<?xml version="1.0" encoding="UTF-8"?>
<record
    xmlns:xsi="http://www.w3.org/2001/XMLSchema-instance"
    xsi:schemaLocation="http://www.loc.gov/MARC21/slim http://www.loc.gov/standards/marcxml/schema/MARC21slim.xsd"
    xmlns="http://www.loc.gov/MARC21/slim">

  <leader>01039nam0a22002531  4500</leader>
  <controlfield tag="001">rc\877456</controlfield>
  <controlfield tag="005">20260407105748.0</controlfield>
  <datafield tag="035" ind1=" " ind2=" ">
    <subfield code="a">(NLR Aleph) 006055361</subfield>
  </datafield>
  <datafield tag="090" ind1=" " ind2=" ">
    <subfield code="a">4850865</subfield>
    <subfield code="c">4850865</subfield>
  </datafield>
  <datafield tag="100" ind1=" " ind2=" ">
    <subfield code="a">20041129d1984    |||y0rusy50      ca</subfield>
  </datafield>
  <datafield tag="101" ind1="0" ind2=" ">
    <subfield code="a">rus</subfield>
  </datafield>
  <datafield tag="102" ind1=" " ind2=" ">
    <subfield code="a">RU</subfield>
  </datafield>
  <datafield tag="105" ind1=" " ind2=" ">
    <subfield code="a">a   |||||||||</subfield>
  </datafield>
  <datafield tag="200" ind1="1" ind2=" ">
    <subfield code="a">&#x42D;&#x43A;&#x43E;&#x43D;&#x43E;&#x43C;&#x438;&#x447;&#x435;&#x441;&#x43A;&#x438;&#x435; &#x438; &#x43F;&#x440;&#x430;&#x432;&#x43E;&#x432;&#x44B;&#x435; &#x43E;&#x441;&#x43D;&#x43E;&#x432;&#x44B; &#x444;&#x443;&#x43D;&#x43A;&#x446;&#x438;&#x43E;&#x43D;&#x438;&#x440;&#x43E;&#x432;&#x430;&#x43D;&#x438;&#x44F; &#x432;&#x44B;&#x447;&#x438;&#x441;&#x43B;&#x438;&#x442;&#x435;&#x43B;&#x44C;&#x43D;&#x44B;&#x445; &#x446;&#x435;&#x43D;&#x442;&#x440;&#x43E;&#x432;</subfield>
    <subfield code="e">(&#x421;&#x431;. &#x43D;&#x430;&#x443;&#x447;. &#x442;&#x440;.)</subfield>
    <subfield code="f">&#x410;&#x41D; &#x423;&#x421;&#x421;&#x420;, &#x418;&#x43D;-&#x442; &#x44D;&#x43A;&#x43E;&#x43D;&#x43E;&#x43C;&#x438;&#x43A;&#x438; &#x43F;&#x440;&#x43E;&#x43C;-&#x441;&#x442;&#x438;</subfield>
    <subfield code="g">[&#x420;&#x435;&#x434;&#x43A;&#x43E;&#x43B;.: &#x41B;.&#x428;. &#x413;&#x430;&#x444;&#x442; (&#x43F;&#x440;&#x435;&#x434;.) &#x438; &#x434;&#x440;.]</subfield>
  </datafield>
  <datafield tag="210" ind1=" " ind2=" ">
    <subfield code="a">&#x414;&#x43E;&#x43D;&#x435;&#x446;&#x43A;</subfield>
    <subfield code="c">&#x418;&#x42D;&#x41F;</subfield>
    <subfield code="d">1984</subfield>
  </datafield>
  <datafield tag="215" ind1=" " ind2=" ">
    <subfield code="a">168 &#x441;., 1 &#x43B;. &#x442;&#x430;&#x431;&#x43B;.</subfield>
    <subfield code="d">20</subfield>
  </datafield>
  <datafield tag="320" ind1=" " ind2=" ">
    <subfield code="a">&#x411;&#x438;&#x431;&#x43B;&#x438;&#x43E;&#x433;&#x440;. &#x432; &#x43A;&#x43E;&#x43D;&#x446;&#x435; &#x441;&#x442;.</subfield>
  </datafield>
  <datafield tag="702" ind1=" " ind2="1">
    <subfield code="a">&#x413;&#x430;&#x444;&#x442;</subfield>
    <subfield code="b">&#x41B;.&#x428;.</subfield>
    <subfield code="g">&#x41B;&#x435;&#x43E;&#x43D;&#x438;&#x434; &#x428;&#x435;&#x432;&#x435;&#x43B;&#x435;&#x432;&#x438;&#x447;</subfield>
    <subfield code="4">340</subfield>
  </datafield>
  <datafield tag="712" ind1="0" ind2="2">
    <subfield code="a">&#x418;&#x43D;&#x441;&#x442;&#x438;&#x442;&#x443;&#x442; &#x44D;&#x43A;&#x43E;&#x43D;&#x43E;&#x43C;&#x438;&#x43A;&#x438; &#x43F;&#x440;&#x43E;&#x43C;&#x44B;&#x448;&#x43B;&#x435;&#x43D;&#x43D;&#x43E;&#x441;&#x442;&#x438;</subfield>
    <subfield code="c">&#x414;&#x43E;&#x43D;&#x435;&#x446;&#x43A;</subfield>
    <subfield code="3">RU\NLR\AUTH\889937507</subfield>
    <subfield code="9">369841</subfield>
  </datafield>
  <datafield tag="801" ind1=" " ind2="0">
    <subfield code="a">RU</subfield>
    <subfield code="b">NLR</subfield>
    <subfield code="g">psbo</subfield>
  </datafield>
  <datafield tag="801" ind1=" " ind2="1">
    <subfield code="a">RU</subfield>
    <subfield code="b">ELAR</subfield>
    <subfield code="2">rusmarc</subfield>
  </datafield>
  <datafield tag="852" ind1=" " ind2=" ">
    <subfield code="a">NLR</subfield>
    <subfield code="j">85-3/3265</subfield>
  </datafield>
  <datafield tag="942" ind1=" " ind2=" ">
    <subfield code="c">BOOK</subfield>
  </datafield>
  <datafield tag="980" ind1=" " ind2=" ">
    <subfield code="a">NB</subfield>
  </datafield>
  <datafield tag="995" ind1=" " ind2=" ">
    <subfield code="5">2013-10-26</subfield>
    <subfield code="b">NLR01</subfield>
    <subfield code="c">NLR01</subfield>
    <subfield code="e">RF9</subfield>
    <subfield code="f">6055361-10</subfield>
    <subfield code="k">85-3/3265</subfield>
    <subfield code="o">0</subfield>
    <subfield code="r">BOOK</subfield>
    <subfield code="s">8533265_</subfield>
  </datafield>
</record>
